Integración social y política en el desarrollo económico de un sistema en desequilibrio: algunos ejemplos latinoamericanos /
Uloženo v:
| Hlavní autor: | |
|---|---|
| Médium: | Text |
| Tagy: |
Přidat tag
Žádné tagy, Buďte první, kdo vytvoří štítek k tomuto záznamu!
|
MARC
| LEADER | 00000 a a2200000 04500 | ||
|---|---|---|---|
| 001 | 16068 | ||
| 003 | |||
| 040 | |||
| 100 | |a Reynolds, Clark W. | ||
| 245 | |a Integración social y política en el desarrollo económico de un sistema en desequilibrio: |b algunos ejemplos latinoamericanos / |c Clark W. Reynolds | ||
| 773 | |g número 11; páginas 101-132 | ||
| 999 | |c 23277 |d 23277 | ||
